Battle Ready: (Record no. 190019)

MARC details
000 -LEADER
fixed length control field 00617nam a22001817a 4500
005 - DATE AND TIME OF LATEST TRANSACTION
control field 20220715161409.0
010 ## - LCCN (DPL NO)
LC control number ENG-133609
020 ## - INTERNATIONAL STANDARD BOOK NUMBER
International Standard Book Number 9789354790812
Terms of availability 495.00
035 ## - SYSTEM CONTROL NUMBER
System control number EN-117141
037 ## - SOURCE OF ACQUISITION
Source of stock number/acquisition DBAD/PUB
082 ## - DEWEY DECIMAL CLASSIFICATION NUMBER
Classification number 338.6048
100 ## - MAIN ENTRY--PERSONAL NAME
Personal name Iyer, Sai Prakash R.
245 ## - TITLE STATEMENT
Title Battle Ready:
Remainder of title Crafting Strategy to Beat Competition/
Statement of responsibility, etc Sai Prakash R. Iyer
260 ## - PUBLICATION, DISTRIBUTION, ETC. (IMPRINT)
Place of publication, distribution, etc New Delhi
Name of publisher, distributor, etc Sage Publications India Pvt. Ltd
Date of publication, distribution, etc 2021
270 ## - ADDRESS
Address B-1/I-I Mohan Cooperative Industrial Area Mathura Road,
City New Delhi
Postal code 110044
300 ## - PHYSICAL DESCRIPTION
Extent xv, 262p.
Other physical details Index
Dimensions 22cm(pbk)
942 ## - ADDED ENTRY ELEMENTS (KOHA)
Source of classification or shelving scheme Dewey Decimal Classification
Item type English Books
Classification part 338.6048
Call number suffix IYE
Holdings
Withdrawn status Lost status Not for loan Collection code Home library Current library Date acquired Source of acquisition Cost, normal purchase price Full call number Barcode Copy number Cost, replacement price Koha item type
      Non-fiction Bawana Bawana 15/07/2022 DBAD/PUB 495.00 338.6048 IYE EN-117141 1 495.00 English Books

© Delhi Public Library
Hit Counter
free hit counter